Obras completas
Guardat en:
| Autor principal: | |
|---|---|
| Format: | Llibre |
| Idioma: | espanyol |
| Publicat: |
Madrid
Aguilar
1963
|
| Col·lecció: | Biblioteca de Autores Modernos
|
| Matèries: | |
| Etiquetes: |
Afegir etiqueta
Sense etiquetes, Sigues el primer a etiquetar aquest registre!
|
MARC
| LEADER | 00000nam a2200000 a 4500 | ||
|---|---|---|---|
| 001 | UCQ6064 | ||
| 003 | CL-VaPUC | ||
| 008 | 981009e19630000SP |||||||||||||||||spa|d | ||
| 082 | 0 | 4 | |a 863 |b PER |2 21 |
| 100 | 0 | |a Pérez de Ayala, Ramón |e author |9 348953 | |
| 245 | 1 | 0 | |a Obras completas |
| 300 | |a v | ||
| 942 | |c BK | ||
| 945 | |d 19981009 00:00:00 |a lriquelm | ||
| 260 | |a Madrid |b Aguilar |c 1963 | ||
| 500 | |a v.1: La rifa de la Xata. El último vastago. Calamo currente. La fiesta del árbol. Tineblas en las cumbres. La pata de la raposa. Troteras y danzaderas. Sonreia. Pilares. El raposin. Rincón asturiano. La caverna de Platón. Don Quijote en el extranjero. Terranova y sus cosas | ||
| 500 | |a v.3: Las Máscaras, Política y toros | ||
| 500 | |a v.4: Novelas: Belarmino Y Apolonio, Luna de miel, Luna de Hiel, Los trabajos de Urbano y Simona, Tigre Juan, El curandero de su honra. Ensayos: Divagaciones literarias | ||
| 650 | 0 | |a Novelas españolas |9 265052 | |
| 650 | 0 | |a Literatura española |9 306261 | |
| 583 | |a last modification |c 19981009 00:00:00 |k Rodrigo Vera | ||
| 490 | 0 | |a Biblioteca de Autores Modernos | |
| 999 | |c 276067 |d 276065 | ||
| 952 | |0 0 |1 0 |4 0 |6 863_000000000000000_PER_1963 |7 0 |8 A |9 313189 |a BIBEDU |b BIBEDU |d 2019-11-20 |h v.3 |i 147488K |o 863 PER 1963 |p 147488K |r 2019-11-20 |w 2019-11-20 |y BK |k LIT | ||
| 952 | |0 0 |1 0 |4 0 |6 863_000000000000000_PER_1963 |7 0 |8 A |9 313190 |a BIBEDU |b BIBEDU |d 2019-11-20 |h v.4 |i 1474839 |o 863 PER 1963 |p 1474839 |r 2019-11-20 |w 2019-11-20 |y BK |k LIT | ||